Space invaders (Record no. 79866)
[ view plain ]
| 000 -LEADER | |
|---|---|
| fixed length control field | 00930cab a22002055a 4500 |
| 001 - CONTROL NUMBER | |
| control field | L142529 |
| 008 - FIXED-LENGTH DATA ELEMENTS--GENERAL INFORMATION | |
| fixed length control field | 080221s2008 xxk f 000 0 eng d |
| 035 ## - SYSTEM CONTROL NUMBER | |
| System control number | (Sirsi) u142529 |
| 041 0# - LANGUAGE CODE | |
| Language code of text/sound track or separate title | eng |
| 100 1# - MAIN ENTRY--PERSONAL NAME | |
| Personal name | Smulian, Mark |
| 245 00 - TITLE STATEMENT | |
| Title | Space invaders |
| 260 ## - PUBLICATION, DISTRIBUTION, ETC. | |
| Date of publication, distribution, etc. | 2008 |
| 490 ## - SERIES STATEMENT | |
| Series statement | Housebuilder |
| Volume/sequential designation | January-February 2008, 55-56(2) |
| 520 ## - SUMMARY, ETC. | |
| Summary, etc. | Sets out English Partnerships' new minimum space standards for minimum internal floor areas. Presents various opinions on the debate regarding their relevance. They are intended to facilitate the acquisition of lifetime homes. There is reluctance to meet these guides from homebuilders, due to a lack of certainty that extra space will equal extra value. It is also argued that the guides could be a way to protect quality. |
| 590 ## - LOCAL NOTE (RLIN) | |
| Local note | KA |
| 651 #4 - SUBJECT ADDED ENTRY--GEOGRAPHIC NAME | |
| Geographic name | United Kingdom |
| Chronological subdivision | |
| 690 ## - LOCAL SUBJECT ADDED ENTRY--TOPICAL TERM (OCLC, RLIN) | |
| Topical term or geographic name as entry element | BUILT ENVIRONMENT-BUILDING STANDARDS |
| 690 ## - LOCAL SUBJECT ADDED ENTRY--TOPICAL TERM (OCLC, RLIN) | |
| Topical term or geographic name as entry element | Residential property |
| 9 (RLIN) | 6266 |
| 942 ## - ADDED ENTRY ELEMENTS (KOHA) | |
| Suppress in OPAC | 0 |
| Withdrawn status | Lost status | Source of classification or shelving scheme | Damaged status | Not for loan | Home library | Current library | Shelving location | Date acquired | Total Checkouts | Full call number | Barcode | Date last seen | Copy number | Price effective from | Koha item type |
|---|---|---|---|---|---|---|---|---|---|---|---|---|---|---|---|
| Dewey Decimal Classification | London | London | Journal article | 21/02/2008 | L142529 | 142529-1001 | 06/08/2019 | 1 | 06/08/2019 | Journal article |